| 000 -ლიდერი |
| ფიქსირებული სიგრძის საკონტროლო ველი |
01091nam a2200253Ia 4500 |
| 001 - საკონტროლო ნომერი |
| საკონტროლო ველი |
18073 |
| 003 - საკონტროლო ნომრის იდენტიფიკატორი |
| საკონტროლო ველი |
GE_BSU |
| 005 - ბოლო ოპერაციის თარიღი და დრო |
| საკონტროლო ველი |
20200517230723.0 |
| 008 - ფიქსირებული სიგრძის მონაცემთა ელემენტები - ზოგადი ინფორმაცია |
| ფიქსირებული სიგრძის საკონტროლო ველი |
181216s1978||||ge |||||||||||||| ||geo|| |
| 040 ## - კატალოგიზაციის წყარო |
| Transcribing agency |
GE_BSU |
| 041 ## - ენის კოდი |
| Language code of text/sound track or separate title |
geo |
| 080 ## - უნივერსალური ათობითი კლასიფიკაციის ინდექსი |
| Universal Decimal Classification number |
81 + 811.353.1 ჭ-83 |
| 100 ## - მთავარი ჩანაწერი - პიროვნების სახელი |
| Personal name |
ჭუმბურიძე, ზურაბ |
| 9 (RLIN) |
8055 |
| 245 ## - ცნობა სათაურის შესახებ |
| Title |
როგორ გაჩნდა სიტყვა / |
| Statement of responsibility, etc |
ზურაბ ჭუმბურიძე ; რედ. ნ. ჯოლოხავა ; მხატვ. გ. ენაგელი. |
| 250 ## - გამოცემის ცნობა |
| Edition statement |
პირველი-მეორე გამოცემა |
| 264 ## - წარმოების, გამოცემის, დისტრიბუციის და სხვა ცნობები |
| გამოცემის, წარმოების, დისტრიბუციის... ადგილი |
თბილისი : |
| გამოცემის, წარმოების, დისტრიბუციის... სახელწოდება |
ნაკადული, |
| გამოცემის, წარმოების, დისტრიბუციის... თარიღი |
1978. |
| 300 ## - ფიზიკური აღწერა |
| Extent |
180 გვ. ; |
| Dimensions |
20 სმ. |
| 653 ## - INDEX TERM--UNCONTROLLED |
| Uncontrolled term |
ენათმეცნიერება |
| 653 ## - INDEX TERM--UNCONTROLLED |
| Uncontrolled term |
ქართული ენა |
| 653 ## - INDEX TERM--UNCONTROLLED |
| Uncontrolled term |
როგორ გაჩნდა სიტყვა |
| 700 ## - ADDED ENTRY--PERSONAL NAME |
| Personal name |
ჯოლოხავა, ნ. |
| Relator term |
რედაქტორი |
| 9 (RLIN) |
8075 |
| 700 ## - ADDED ENTRY--PERSONAL NAME |
| Personal name |
ენაგელი, გ. |
| Relator term |
მხატვარი |
| 9 (RLIN) |
8076 |
| 942 ## - ADDED ENTRY ELEMENTS (KOHA) |
| Koha item type |
წიგნი |
| Source of classification or shelving scheme |
|